Программа по общей химии для энергетических (теплоэнергетических, промтеплоэнергетических, энергомашиностроительных и электроэнергетических) специальностей вузов

Бібліографічні деталі
Інші автори: Розанова Г. К. (редактор)
Мова:Російська
Опубліковано: Москва, Высшая школа, 1965
Предмети:
Формат: MixedMaterials Книга
KOHA link:https://koha.lib.tpu.ru/cgi-bin/koha/opac-detail.pl?biblionumber=262661

MARC

LEADER 00000nam0a2200000 4500
001 262661
005 20231101233655.0
035 |a (RuTPU)RU\TPU\book\285644 
035 |a RU\TPU\book\285618 
090 |a 262661 
100 |a 20140603d1965 m y0rusy50 ca 
101 0 |a rus 
102 |a RU 
105 |a y j 000zy 
200 1 |a Программа по общей химии для энергетических (теплоэнергетических, промтеплоэнергетических, энергомашиностроительных и электроэнергетических) специальностей вузов 
210 |a Москва  |c Высшая школа  |d 1965 
215 |a 15 с. 
606 1 |a Химия общая  |2 stltpush  |3 (RuTPU)RU\TPU\subj\67862  |9 83510 
610 1 |a учебные программы 
675 |a 54(076.5)  |v 3 
702 1 |a Розанова  |b Г. К.  |4 340 
801 1 |a RU  |b 63413507  |c 20140530 
801 2 |a RU  |b 63413507  |c 20140606  |g RCR 
942 |c BK